Combien de ville du Lot (46) connais-tu ? - Statistiques

Statistiques générales
  • Ce quiz a été pris 34 fois
  • Le résultat moyen est 25 sur 313
Statistiques - réponses
Code postal Ville % Correct
46000 Cahors
88%
46100 Figeac
84%
46300 Gourdon
64%
46500 Gramat
60%
46200 Le Roc
52%
46500 Rocamadour
52%
46140 Luzech
48%
46400 Saint-Céré
44%
46090 Pradines
40%
46200 Souillac
40%
46130 Bretenoux
36%
46600 Martel
36%
46130 Biars-sur-Cère
32%
46120 Lacapelle-Marival
32%
46230 Lalbenque
32%
46500 Padirac
32%
46500 Alvignac
28%
46090 Arcambal
28%
46150 Catus
28%
46110 Vayrac
28%
46320 Assier
24%
46100 Capdenac
24%
46110 Carennac
24%
46090 Labastide-Marnhac
24%
46220 Prayssac
24%
46330 Saint-Cirq-Lapopie
24%
46120 Aynac
20%
46110 Bétaille
20%
46250 Cazals
20%
46500 Issendolus
20%
46090 Lamagdelaine
20%
46130 Puybrun
20%
46700 Puy-l'Évêque
20%
46500 Thégra
20%
46140 Albas
16%
46400 Autoire
16%
46500 Bio
16%
46330 Cabrerets
16%
46160 Cajarc
16%
46240 Cœur de Causse
16%
46140 Douelle
16%
46090 Espère
16%
46500 Lavergne
16%
46300 Le Vigan
16%
46320 Livernon
16%
46090 Mercuès
16%
46090 Saint-Pierre-Lafeuille
16%
46120 Anglars
12%
46270 Bagnac-sur-Célé
12%
46600 Baladou
12%
46100 Béduer
12%
46330 Blars
12%
46130 Cahus
12%
46140 Caillac
12%
46240 Caniac-du-Causse
12%
46100 Cardaillac
12%
46230 Cieurac
12%
46150 Crayssac
12%
46230 Fontanes
12%
46600 Gignac
12%
46150 Labastide-du-Vert
12%
46200 Lachapelle-Auzac
12%
46360 Lauzès
12%
46090 Le Montat
12%
46170 Lhospitalet
12%
46260 Limogne-en-Quercy
12%
46130 Loubressac
12%
46090 Maxou
12%
46500 Miers
12%
46800 Montcuq-en-Quercy-Blanc
12%
46330 Orniac
12%
46170 Pern
12%
46500 Rignac
12%
46120 Rueyres
12%
46150 Saint-Denis-Catus
12%
46330 Saint Géry-Vers
12%
46140 Sauzet
12%
46090 Trespoux-Rassiels
12%
46140 Anglars-Juillac
8%
46300 Anglars-Nozac
8%
46090 Aujols
8%
46230 Bach
8%
46800 Barguelonne-en-Quercy
8%
46260 Beauregard
8%
46140 Bélaye
8%
46210 Bessonies
8%
46150 Boissières
8%
46100 Boussac
8%
46330 Bouziès
8%
46320 Brengues
8%
46150 Calamane
8%
46100 Camburat
8%
46500 Carlucet
8%
46140 Castelfranc
8%
46170 Castelnau Montratier-Sainte Alauzie
8%
46110 Cavagnac
8%
46330 Cénevières
8%
46170 Cézac
8%
46310 Concorès
8%
46110 Condat
8%
46600 Cressensac-Sarrazac
8%
46320 Espédaillac
8%
46600 Floirac
8%
46130 Gagnac-sur-Cère
8%
46250 Gindou
8%
46300 Ginouillac
8%
46130 Girac
8%
46230 Laburgade
8%
46350 Lamothe-Fénelon
8%
46210 Latronquière
8%
46340 Lavercantière
8%
46120 Le Bourg
8%
46330 Lentillac-du-Causse
8%
46100 Lentillac-Saint-Blaise
8%
46110 Le Vignon-en-Quercy
8%
46120 Leyme
8%
46100 Lissac-et-Mouret
8%
46100 Lunan
8%
46160 Marcilhac-sur-Célé
8%
46500 Mayrinhac-Lentour
8%
46230 Montdoumerc
8%
46240 Montfaucon
8%
46150 Nuzéjouls
8%
46140 Parnac
8%
46350 Payrac
8%
46130 Prudhomat
8%
46160 Saint-Sulpice
8%
46330 Sauliac-sur-Célé
8%
46360 Sénaillac-Lauzès
8%
46190 Sousceyrac-en-Quercy
8%
46310 Uzech
8%
46500 Albiac
4%
46400 Bannes
4%
46230 Belfort-du-Quercy
4%
46090 Bellefont-La Rauze
4%
46130 Belmont-Bretenoux
4%
46230 Belmont-Sainte-Foi
4%
46090 Berganty
4%
46160 Cadrieu
4%
46350 Calès
4%
46140 Cambayrac
4%
46100 Cambes
4%
46100 Camboulit
4%
46160 Carayac
4%
46140 Carnac-Rouffiac
4%
46700 Cassagnes
4%
46260 Concots
4%
46600 Creysse
4%
46600 Cuzance
4%
46700 Duravel
4%
46320 Durbans
4%
46230 Escamps
4%
46090 Esclauzels
4%
46100 Faycelles
4%
46270 Felzins
4%
46090 Flaujac-Poujols
4%
46090 Francoulès
4%
46130 Gintrac
4%
46130 Glanes
4%
46210 Gorses
4%
46160 Gréalou
4%
46320 Grèzes
4%
46200 Lanzac
4%
46500 Le Bastit
4%
46800 Lendou-en-Quercy
4%
46250 Les Arques
4%
46250 Marminiac
4%
46700 Mauroux
4%
46200 Mayrac
4%
46200 Meyronne
4%
46700 Montcabrier
4%
46800 Montlauzun
4%
46270 Montredon
4%
46360 Nadillac
4%
46300 Payrignac
4%
46310 Peyrilles
4%
46100 Planioles
4%
46800 Porte-du-Quercy
4%
46320 Quissac
4%
46360 Sabadel-Lauzès
4%
46310 Saint-Chamarand
4%
46100 Saint-Félix
4%
46310 Saint-Germain-du-Bel-Air
4%
46400 Saint-Jean-Lespinasse
4%
46400 Saint-Laurent-les-Tours
4%
46330 Saint-Martin-Labouval
4%
46150 Saint-Médard
4%
46400 Saint-Médard-de-Presque
4%
46320 Saint-Simon
4%
46200 Saint-Sozy
4%
46140 Saint-Vincent-Rive-d'Olt
4%
46340 Salviac
4%
46300 Soucirac
4%
46130 Tauriac
4%
46330 Tour-de-Faure
4%
46700 Vire-sur-Lot
4%
46160 Calvignac
0%
46100 Corn
0%
46130 Cornac
0%
46500 Couzou
0%
46360 Cras
0%
46330 Crégols
0%
46230 Cremps
0%
46270 Cuzac
0%
46340 Dégagnac
0%
46320 Espagnac-Sainte-Eulalie
0%
46120 Espeyroux
0%
46130 Estal
0%
46300 Fajoles
0%
46320 Flaujac-Gare
0%
46700 Floressas
0%
46100 Fons
0%
46100 Fourmagnac
0%
46310 Frayssinet
0%
46250 Frayssinet-le-Gélat
0%
46400 Frayssinhes
0%
46160 Frontenac
0%
46150 Gigouzac
0%
46250 Goujounac
0%
46700 Grézels
0%
46320 Issepts
0%
46210 Labastide-du-Haut-Mont
0%
46120 Labathude
0%
46700 Lacapelle-Cabanac
0%
46200 Lacave
0%
46400 Ladirat
0%
46220 Lagardelle
0%
46240 Lamothe-Cassel
0%
46260 Laramière
0%
46160 Larnagol
0%
46160 Larroque-Toirac
0%
46400 Latouille-Lentillac
0%
46210 Lauresses
0%
46130 Laval-de-Cère
0%
46120 Le Bouyssou
0%
46300 Léobard
0%
46150 Les Junies
0%
46360 Les Pechs du Vers
0%
46150 Lherm
0%
46270 Linac
0%
46350 Loupiac
0%
46260 Lugagnac
0%
46240 Lunegarde
0%
46350 Masclat
0%
46150 Mechmont
0%
46300 Milhac
0%
46120 Molières
0%
46310 Montamel
0%
46160 Montbrun
0%
46250 Montcléra
0%
46210 Montet-et-Bouxal
0%
46150 Montgesty
0%
46600 Montvalent
0%
46350 Nadaillac-de-Rouge
0%
46220 Pescadoires
0%
46200 Pinsac
0%
46250 Pomarède
0%
46150 Pontcirq
0%
46270 Prendeignes
0%
46260 Promilhanes
0%
46260 Puyjourdes
0%
46340 Rampoux
0%
46500 Reilhac
0%
46350 Reilhaguet
0%
46320 Reyrevignes
0%
46300 Rouffilhac
0%
46120 Rudelle
0%
46210 Sabadel-Latronquière
0%
46500 Saignes
0%
46260 Saillac
0%
46120 Saint-Bressou
0%
46250 Saint-Caprais
0%
46160 Saint-Chels
0%
46210 Saint-Cirgues
0%
46300 Saint-Cirq-Madelon
0%
46300 Saint-Cirq-Souillaguet
0%
46300 Saint-Clair
0%
46600 Saint-Denis-lès-Martel
0%
46120 Sainte-Colombe
0%
46210 Saint-Hilaire
0%
46260 Saint-Jean-de-Laur
0%
46400 Saint-Jean-Lagineste
0%
46270 Saint-Jean-Mirabel
0%
46700 Saint-Martin-le-Redon
0%
46120 Saint-Maurice-en-Quercy
0%
46210 Saint-Médard-Nicourby
0%
46110 Saint-Michel-de-Bannières
0%
46130 Saint-Michel-Loubéjou
0%
46400 Saint-Paul-de-Vern
0%
46170 Saint-Paul-Flaugnac
0%
46100 Saint-Perdoux
0%
46160 Saint-Pierre-Toirac
0%
46300 Saint-Projet
0%
46400 Saint-Vincent-du-Pendit
0%
46210 Sénaillac-Latronquière
0%
46240 Séniergues
0%
46700 Sérignac
0%
46320 Sonac
0%
46700 Soturac
0%
46240 Soulomès
0%
46110 Strenquels
0%
46120 Terrou
0%
46190 Teyssieu
0%
46150 Thédirac
0%
46120 Thémines
0%
46120 Théminettes
0%
46700 Touzac
0%
46240 Ussel
0%
46260 Varaire
0%
46230 Vaylats
0%
46100 Viazac
0%
46260 Vidaillac
0%
46090 Villesèque
0%
Aucun quiz correspondant
Distribution des résultats
% des personnes avec chaque résultat
Percentile par nombre de réponses
Votre historique - résultats
Vous n’avez pas pris ce quiz